Top 10 biggest cities in US 1800 - Statistics

General Stats
  • This quiz has been taken 42 times
  • The average score is 7 of 10
Answer Stats
Pop. State City % Correct
60,515 New York New York City
100%
41,220 Pennsylvania Philadelphia
97%
24,937 Massachusetts Boston
95%
26,514 Maryland Baltimore
92%
18,824 South Carolina Charleston
84%
7,614 Rhode Island Providence
79%
6,926 Virginia Norfolk
45%
9,457 Massachusetts Salem
39%
10,718 Pennsylvania Northern Liberties
29%
9,621 Pennsylvania Southwark
18%
No matching quizzes found
Score Distribution
Percent of People with Each Score
Percentile by Number Answered
Your Score History
You have not taken this quiz